00442nam a2200157Ia 4500003000900000008004100009040001600050080001500066100001400081245006000095260002800155300001600183650004100199650002400240700002000264IN-BaIIA211028s9999 xx 000 0 eng d cIIA Library a539.2bCAR aCarter, G 0aIon bombardment of solidscG. Carter and J. S. Colligon aLondonbHeinemannc1968 aviii, 446p. aAstronomy and astrophysics thesaurus aSolid state physics aColligon, J. S.